Statistics for Famous Families #1

Click here to take the quiz!

General Stats

  • This quiz has been taken 75,116 times
    (21,139 since last reset)
  • The average score is 15 of 22

Answer Stats

MembersFamily% Correct
Elvis, Priscilla, Lisa MariePresley
95%
Michael, Janet, La Toya, TitoJackson
93%
Will, Jada, JadenSmith
93%
Miley, Noah, Billy RayCyrus
90%
Theodore, Franklin, EleanorRoosevelt
90%
Luke, Leia, AnakinSkywalker
86%
David, Victoria, BrooklynBeckham
84%
Justin, HaileyBieber
83%
Jong-il, Il-Sung, Jong-unKim
81%
Sigmund, Anna, LucianFreud
77%
Nelson, Winnie, Makgatho, ZenaniMandela
67%
Paul, Linda, StellaMcCartney
65%
Emily, Charlotte, AnneBrontë
63%
Lily, James, HarryPotter
63%
Julio, Enrique, ChabeliIglesias
61%
Gianni, Donatella, AllegraVersace
60%
Vito, Michael, FredoCorleone
55%
Bob, Ziggy, DamianMarley
51%
Justin, Pierre, SophieTrudeau
44%
Eddard, Robb, SansaStark
43%
Barry, Robin, MauriceGibb
38%
Lorenzo, Cosimo, CatherineMedici
26%

Score Distribution

Percentile by Number Answered

Percent of People with Each Score

Your Score History

You have not taken this quiz since the last reset